000 00843nas a2200241 4500
001 BR8400787
003 BR-BrBNA
005 20231205085807.0
007 ta
008 230509b bl.|||p| |||| 00| 00por d
040 _aBR-BrBNA
_bpor
_cBiblioteca Nacional de Agricultura
041 _a(Pt)
072 _aF24
100 1 _aAngulo Filho, R.
245 1 _aDeterminacao da precisao relativa dos instrumentos topograficos para operacoes de nivelamento geometrico [solo]
246 1 _aDetermination of relative precision of the surveying instruments for the Geometrical leveling operations [soil]
650 _aTOPOGRAFIA
650 _aSOLO
650 _aLEVANTAMENTO TOPOGRAFICO
773 0 _tSolo (Brazil)
_xISSN 0584-0821
_g(Jul 1983), v. 75(2) p. 31-36
_wBR8400787
909 _a202311
_bLúcia
_c55
_dLúcia Elande
942 _2AGRIS
_n0
_cANA
999 _c113850
_d113850